Revitalizácia Ústavu stavebníctva a architektúry SAV
Saved in:
| Main Author: | |
|---|---|
| Other Authors: | |
| Format: | Manuscript Book |
| Language: | Slovak |
| Published: |
Bratislava
2015
|
| Subjects: | |
| Online Access: | http://is.stuba.sk/zp/portal_zp.pl?podrobnosti=112208 |
| Tags: |
No Tags, Be the first to tag this record!
|
MARC
| LEADER | 00000ntm a22000003a 4500 | ||
|---|---|---|---|
| 001 | stuzp53931 | ||
| 003 | SK-STU | ||
| 005 | 20210309071055.4 | ||
| 007 | ta | ||
| 008 | 150427s2015----xo-----f-mn---000-0-slo-d | ||
| 040 | |a STU |b slo | ||
| 041 | 0 | |a slo | |
| 100 | 1 | |a Mičuda, Ondrej, |d 1991- |u 054140 |4 aut |U FAD Fakulta architektúry a dizajnu |U FAD Fakulta architektúry |T FA Ústav konštrukcií v architektúre a inžinierskych stavieb |X 68008 |U A4140 |Y 395 |7 A000068008 | |
| 242 | 0 | 1 | |a Revitalization of Department of civil engineering and architecture SAV |y eng |
| 245 | 1 | 0 | |a Revitalizácia Ústavu stavebníctva a architektúry SAV |
| 260 | |c 2015 |a Bratislava | ||
| 650 | 4 | |a múzeum |2 slo | |
| 650 | 4 | |a knižnica |2 slo | |
| 650 | 4 | |a revitalizácia |2 slo | |
| 650 | 4 | |a museum |2 eng | |
| 650 | 4 | |a library |2 eng | |
| 650 | 4 | |a revitalization |2 eng | |
| 700 | 1 | |a Moravčík, Peter |4 ths |X 71055 |7 71055 | |
| 856 | 4 | |u http://is.stuba.sk/zp/portal_zp.pl?podrobnosti=112208 |u https://opac.crzp.sk/?fn=detailBiblioForm&sid=E75B5E22D326BA6A98A493CFFF20 | |
| SQL | |a stuzp53931 |b DDP |c SLO |d Revitalizácia Ústavu stavebníctva a architektúry SAV |e 68008 |f Mičuda, Ondrej |g 054140 |h 71055 |i Moravčík, Peter |j 20150604 |k 153 |l 05 |m http://is.stuba.sk/zp/portal_zp.pl?podrobnosti=112208 |n I-ARCH |o 5.1.1. architektúra a urbanizmus | ||